00000000nas 2200000zi 4500
0019.954139
003CaOODSP
00520250820080105
006m     o  d f      
007cr cn ||||||||
008250815c20249999oncar p o    f0###b0fre d
040 |aCaOODSP|bfre|erda|cCaOODSP
043 |an-cn---
0861 |aA99-2/8F-PDF
1102 |aConseil des produits agricoles du Canada.|eauteur, |eorganisme de publication.
24510|aLoi sur la lutte contre le travail forcé et le travail des enfants dans les chaines d'approvisionnement / |cConseil des produits agricoles du Canada.
264 1|a[Ottawa] : |bConseil des produits agricoles du Canada = Farm Products Council of Canada, |c[2024]-
310 |aAnnuel
336 |atexte|btxt|2rdacontent/fre
337 |ainformatique|bc|2rdamedia/fre
338 |aressource en ligne|bcr|2rdacarrier/fre
3621 |aParaît depuis : Mai 2024.
500 |aPublié aussi en anglais sous le titre : Fighting Against Forced Labour and Child Labour in Supply Chains Act.
588 |aDescription d'après : Mai 2024; titre de la page couverture du fichier PDF.
588 |aDernière livraison consultée : Mai 2024.
61026|aConseil des produits agricoles du Canada|vPériodiques.
61016|aCanada. |tLoi sur la lutte contre le travail forcé et le travail des enfants dans les chaînes d'approvisionnement |vPériodiques.
650 6|aTravail forcé|zCanada|xPrévention|vPériodiques.
650 6|aEnfants|xTravail|zCanada|xPrévention|vPériodiques.
655 7|aPériodiques|2rvmgf
77508|tFighting Against Forced Labour and Child Labour in Supply Chains Act / |w(CaOODSP)9.954140